Estados de México por imagen - Estadísticas

Estadísticas generales
  • Esta prueba ha sido intentada 11 veces
  • La puntuación promedio es 10 de 31
Estadísticas de respuestas
Imagen Respuesta % Correcto
Ciudad de México
100%
Quintana Roo
75%
Nuevo León
63%
Yucatán
63%
Baja California Sur
50%
Sinaloa
50%
Sonora
50%
Baja California
38%
Estado de México
38%
Guanajuato
38%
Hidalgo
38%
Jalisco
38%
Morelos
38%
Puebla
38%
San Luis Potosí
38%
Chiapas
25%
Coahuila
25%
Querétaro
25%
Tabasco
25%
Tamaulipas
25%
Tlaxcala
25%
Veracruz
25%
Aguascalientes
13%
Campeche
13%
Chihuahua
13%
Colima
13%
Durango
13%
Michoacán
13%
Nayarit
13%
Oaxaca
13%
Zacatecas
13%
No se encontraron pruebas coincidentes
Distribución de puntuación
Porcentaje de gente con cada puntuación
Porcentaje por número respondido
Historial de tus puntuaciones
No has intentado esta prueba.